Science Quiz

Random Science or Chemistry Quiz

Lewis Diagrams and Names Quiz Stats

 Plays Quiz not verified by Sporcle

Score 0/30 Timer 10:00
0 Plays Today
% Correct
Dihydrogen Monoxide
77.4%
Carbon Dioxide
61.3%
Silicon Dioxide
58.1%
Ammonium
56.5%
Methane
56.5%
Sulfur Trioxide
54.8%
Nitrogen Dioxide
53.2%
Nitric Oxide
53.2%
Selenium Trioxide
53.2%
Sulfur Hexafluoride
48.4%
Silicon Tetraiodide
48.4%
Chlorine Trifluoride
48.4%
Nitrogen Trifluoride
48.4%
Hydrogen Cyanide
48.4%
Carbon Diselenide
46.8%
% Correct
Phosphorus Pentachloride
43.5%
Carbon Tetrachloride
43.5%
Oxygen Difluoride
43.5%
Tellurium Hexafluoride
43.5%
Iodine Heptafluoride
43.5%
Carbon Suboxide
41.9%
Dinitrogen Pentoxide
40.3%
Disulfur Dichloride
40.3%
Disulfur Decafluoride
38.7%
Dinitrogen Tetroxide
38.7%
Dicarbon Monoxide
37.1%
Disulfur Monoxide
33.9%
Nitric Acid
30.6%
Sulfuric Acid
30.6%
Tetraphosphorus Decoxide
30.6%

You're not logged in!

Compare scores with friends on all Sporcle quizzes.
OR
Log In

Show Comments

Extras

Top Quizzes Today


Score Distribution

Your Account Isn't Verified!

In order to create a playlist on Sporcle, you need to verify the email address you used during registration. Go to your Sporcle Settings to finish the process.

Report this User

Report this user for behavior that violates our Community Guidelines.

Details: